Manažérstvo bezpečnosti 2010 zborník vedeckých prác : ročník: tretí
| Corporate Author: | |
|---|---|
| Format: | Conference Proceeding Book |
| Language: | Slovak Czech English |
| PhysicalDescription: | 260 s. fotogr., grafy, mp., sch., tab. 24 cm |
| Published: |
Košice
Vysoká škola bezpečnostného manažérstva
2011
|
| ISBN: | 9788089282432 |
| Edition: | [1. vyd.] |
| Subjects: |
MARC
| LEADER | 00000cam a2200000 a 4500 | ||
|---|---|---|---|
| 001 | vtls010289074 | ||
| 003 | SK-MaSNL | ||
| 005 | 20260301084548.0 | ||
| 008 | 180809s2011 xo odabf a 100 0 slo | ||
| 015 | |a SNBA2011/03-01649 | ||
| 020 | |a 9788089282432 |q (brož.) | ||
| 035 | |a A908A7F2-778F-4C54-83F3-218FE0BE0434 | ||
| 035 | |a urn:nbn:sk:snk-amji7j | ||
| 035 | |a urn:nbn:sk:snk-am001z85 | ||
| 040 | |a SNK |b slo |c SNK |e AACR2 | ||
| 041 | 0 | |a slo |a cze |a eng |b slo |b cze |b eng | |
| 044 | |a xo |c SK | ||
| 072 | 7 | |a 005 |x Manažment. Riadenie |2 konspekt | |
| 080 | |a 005.934 |2 2001 | ||
| 080 | |a 005.931 |2 2001 | ||
| 080 | |a 355.02 |2 2001 | ||
| 080 | |a 351.746.2 |2 2001 | ||
| 080 | |a (062.534) |2 2001 | ||
| 111 | 2 | |a Manažérstvo bezpečnosti |n (3. : |d 2010 : |c Košice, Slovensko) |9 195602 | |
| 245 | 1 | 0 | |a Manažérstvo bezpečnosti 2010 |b zborník vedeckých prác : ročník: tretí |
| 250 | |a [1. vyd.] | ||
| 260 | |a Košice |b Vysoká škola bezpečnostného manažérstva |c 2011 | ||
| 300 | |a 260 s. |b fotogr., grafy, mp., sch., tab. |c 24 cm | ||
| 366 | |e 400 výt. | ||
| 504 | |a Bibliogr. odkazy | ||
| 546 | |a Text aj čes. a angl. Res. slov., čes. a angl. | ||
| 650 | 0 | 7 | |a bezpečnostný manažment |2 SNKPH |9 927 |
| 650 | 0 | 7 | |a krízový manažment |2 SNKPH |9 4171 |
| 650 | 0 | 7 | |a bezpečnostná politika |2 SNKPH |9 1647 |
| 650 | 0 | 7 | |a bezpečnostné služby |2 SNKPH |9 3897 |
| 650 | 0 | 7 | |a Safety management |2 SNKPHeng |9 276238 |
| 650 | 0 | 7 | |a Crisis management |2 SNKPHeng |9 268286 |
| 650 | 0 | 7 | |a Security policy |2 SNKPHeng |9 268398 |
| 650 | 0 | 7 | |a Security services |2 SNKPHeng |9 319005 |
| 655 | 7 | |a zborníky konferencií |2 SNKPH |9 70153 | |
| 655 | 7 | |a Proceedings of conferences |2 SNKPHeng |9 265791 | |
| 919 | |a 978-80-89282-43-2 | ||
| 958 | |a NB | ||
| 958 | |a OND | ||
| 968 | |d 0 | ||
| 999 | |c 663713 |d 665643 | ||
| 952 | |a SNK |b SNK |y PREZ |7 0 |p 17A0717708 |o snkSC 146720 |i snk2011/18967 |8 0 |0 0 |1 0 |4 0 |d 2011-09-13 |l 0 |r 2025-07-15 00:00:00 |w 2026-02-23 | ||
| 952 | |a SNK |b SNK |y VYP |7 0 |p 17A0717709 |o snkSC 146720 D1 |i snk2011/18968 |8 0 |0 0 |1 0 |4 0 |d 2011-09-13 |l 0 |r 2026-02-23 19:01:18 |w 2026-02-23 | ||


